000 01405nam a2200409 a 4500
001 683
003 MYCC
005 20260205102245.0
008 260205s2024 sz a 000 0 eng d
020 _a9783031542510
_qhardback
020 _a9783031542527
_cebook
022 _a2662-2467
022 _a2662-2475
040 _aMYCC
_beng
_cMYCC
_dMYCC
_erda
082 0 4 _223
_a005.8
090 0 0 _a005.8
_dGEN
245 1 0 _aGenerative AI Security:
_bTheories and Practices /
_cedited by Ken Huang, Yang Wang, Ben Goertzel, Yale Li, Sean Wright, Jyoti Ponnapalli.
246 3 0 _aGenerative Artificial Intelligence Security
264 1 _aCham, Switzerland :
_bSpringer,
_c[2024]
300 _axxxv, 338 pages :
_bcolour illustrations, colour portraits :
_c24 cm.
336 _2rdacontent
_atext
337 _2rdamedia
_aunmediated
338 _2rdacarrier
_avolume
490 1 _aFuture of Business and Finance
500 _aIncludes questions at the end of each chapter.
504 _aInclude bibliographical references.
650 0 _aComputer networks
_xSecurity measures.
650 0 _aArtificial intelligence.
700 1 _aKen, Huang
_eeditor.
700 1 _aYang, Wang
_eeditor.
700 1 _aGoertzel, Ben
_eeditor.
700 1 _aYale, Li
_eeditor.
700 1 _aWright, Sean
_eeditor.
700 1 _aPonnapalli, Jyoti
_eeditor.
830 0 _aFuture of Business and Finance
942 _2ddc
_cBK
999 _c683
_d683